000 01236nam a2200337 c 4500
003 BLK
005 20241016095851.0
008 180413b bul|||||r ||||||| ||bul||
010 _aKNG00019470000
020 _a954-585-279-8
_bиздат.: Бард
040 _aBLK
041 _aBUL
_cBUL
080 _aАнглийска литература
_b821.111
_x-32
_z821.111-32
100 _aАрчър, Джефри
_9246108
700 _aМасларова, Емилия Любенова
_d1956-
_9363911
139 _aАрчър, Джефри
_bА 91
245 1 0 _aТревата там е по-зелена...
_bРазкази
_cДжефри Арчър; прев. Емилия Любенова Масларова.
257 _aGBR
260 София
_bБард
_c2001
_fХасково : Полиграфюг
300 _a318 с.
_c20 см
380 _aX
490 1 _aСъвременни романи
490 1 _3Подсерия
_aГалерия Бард
500 _aОриг. загл. To cut a long story short / Jeffrey Archer.
852 _aЦб 210647
856 4 _qpdf
_u
856 4 _qpdf
_u
942 _cKNG
_n0
_025
944 _aCR
_c24.02.2003
_k30560
_lГеновева Генчева
944 _aED
_c26.06.2007
_k
999 _c17518
_d17518